000 02565cam a2200457 a 4500
001 13264668
003 BJBSDDR
005 20260424123617.0
006 a|||||r|||| 00| 0
007 ta
008 260424s1993 nyu b 000 0 eng eng
010 _a 2003109508
020 _a9781853261183
020 _a1853261181
035 _a(DLC) 2003109508
040 _aDLC
_cDLC
_dDLC
_beng
041 _aeng
050 1 4 _bC319a 1993
082 0 0 _a823/.8
100 1 _aCarroll, Lewis,
_d1832-1898
_926670
245 1 0 _aAlice's adventures in Wonderland;
_band Through the looking glass /
_cLewis Carroll ; illustrations by John Tenniel.
260 _aHertfordshire :
_bWordsworth,
_cc1993.
300 _a263 pages :
_billustrations ;
_c20 cm.
440 0 _aWordsworth classics
_929994
504 _aIncludes bibliographical references (p. xxxiii).
520 _aWhen Alice tumbles down, down, down a rabbit-hole one hot summer's afternoon in pursuit of a White Rabbit, she finds herself in Wonderland. And there begin the fantastical adventures that will see her experiencing extraordinary changes in size, swimming in a pool of her own tears and attending the very maddest of tea parties. For Wonderland is no ordinary place and the characters that populate it are quite unlike anybody young Alice has ever met before. In this imaginary land she encounters the savagely violent Queen, the Lachrymose Mock Turtle, the laconic Cheshire Cat, and the hookah-smoking Caterpillar, each as surprising and outlandish as the next. Alice's adventures have made her the stuff of legend, the child heroine par excellence, and ensured that Carroll's book is the best loved and most widely read in children's literature.
600 0 0 _aAlice
_c(Fictitious character from Carroll)
_vFiction.
650 0 _aFantasy fiction, English.
650 4 _aCuentos infantiles ingleses
_931897
650 4 _aNovela de aventuras
_924918
650 4 _aLiteratura infantil inglesa
_931898
700 1 _aTenniel, John,
_d1820-1914
_948131
730 0 2 _aThrough the looking-glass.
856 4 2 _3Publisher description
_uhttp://www.loc.gov/catdir/description/ste051/2003109508.html
856 4 2 _3Contributor biographical information
_uhttp://www.loc.gov/catdir/enhancements/fy0711/2003109508-b.html
856 4 1 _3Sample text
_uhttp://www.loc.gov/catdir/enhancements/fy0711/2003109508-s.html
906 _a7
_bcbc
_corignew
_d2
_eepcn
_f20
_gy-gencatlg
942 _2lcc
_cBK
946 _irmza
999 _c126926
_d126926